Normal view
MARC view
Entry Topical Term
001 - CONTROL NUMBER
- control field: 5402
003 - CONTROL NUMBER IDENTIFIER
- control field: ARRUPE
005 - DATE AND TIME OF LATEST TRANSACTION
- control field: 20131210140959.0
008 - FIXED-LENGTH DATA ELEMENTS
- fixed length control field: 131210|| aca||aabn | a|a d
040 ## - CATALOGING SOURCE
- Original cataloging agency: ARRUPE
- Transcribing agency: ARRUPE
150 ## - HEADING--TOPICAL TERM
- Topical term or geographic name as entry element: Dud, Ireneo Wien
- General subdivision: Rumbek (Dioceses)
- General subdivision: Catholic Church in Sudan
- General subdivision: History
- Geographic subdivision: Sudan
670 ## - SOURCE DATA FOUND
- Source citation: Work cat.: (ARRUPE): Archbishop Ireneo Wien Dud 5401, God's Path Finder, 2005